000 00467nab a2200145Ia 4500
003 ES-SlBCS
005 20210601125448.0
008 140529s1980-81 xxu||||| |||| 00| 0 eng d
041 _aeng
100 1 _aMansfield Jr., Harvey C.
_9158952
245 0 0 _aMarx on Aristotle: Freedom, Money, and Politics
_c Harvey C. Mansfield Jr.
600 1 _aMarx, Karl-Aristóteles
_9158953
773 0 _tReview of Methaphysics
_gvol. 34, 1980-81, págs. 351-368
_wRev843
942 _cAR
999 _c530741
_d530741